00381nam a22001337a 4500020001500000082001900015100002300034245005300057260003400110300000800144490004400152520001200196650003900208 a9552300533 a 547.12254 TIL aTillekeratne,L.M.K aPolymer Chemistry :organic chemistry of polymers aopen universitybNawalac1991 a90p aorganic chemistry of polymers- PSU 3122 aLevel 5 aorganic chemistry apolymersaousl